La tierra de los sueños /

Guardat en:
Dades bibliogràfiques
Autor principal: Brunner, John (autor)
Altres autors: Cárdenas Barrios, René (traducción) (traducción)
Format: Llibre
Idioma:espanyol
Publicat: México : Diana, 1968, c1968
Col·lecció:(Halcón ; 98)
Matèries:
Etiquetes: Afegir etiqueta
Sense etiquetes, Sigues el primer a etiquetar aquest registre!

MARC

LEADER 00000nam^a2200000^a^4500
001 000564059
005 20250521000000.0
009 20260310132018.664
037 |a Acervo ITESO - Biblioteca 
041 |a ESP 
082 |a 823.  |b BRU 
100 |a Brunner, John  |e (autor) 
245 1 3 |a La tierra de los sueños /  |c J. Brunner ; tr. por R. Cárdenas Barrios. 
264 1 |a México :  |b Diana,  |c 1968, c1968 
300 |a 223 p. 
336 |a texto  |b txt  |2 rdacontenido 
337 |a sin mediación  |b n  |2 rdamedio 
338 |a volumen  |b nc  |2 rdasoporte 
440 1 |a (Halcón ;  |v 98) 
500 |a Traducción de: The Dreaming Earth 
649 |a XX 
650 |a Novela Inglesa 
650 |a Literatura Inglesa -  |y Siglo XX 
650 |a Literatura de Ciencia-Ficción -  |z Inglaterra 
700 |a Cárdenas Barrios, René  |e (traducción) 
910 |a Fondo Salvador Reynoso Reynoso 
920 |a Impresos - Libros 
930 |a Fondos Especiales 
940 |a Literatura 
905 |a 112 
901 |a 0500400099  |b IT2  |c ESP  |i 06120  |u 20250521 
902 |a https://opac.biblio.iteso.mx/vufind/Record/000564059